00588cam a22001817a 4500003000500000005001700005008004100022010000900063011000900072035000900081040000900090100003800099245009600137260003900233300001000272502009900282650002500381CHAP20220329133555.0971013s1993 r 00010 d a8071 a9043 a8277 cCHAP00aSolís Sánchez, Juan Bernardo.13aLa producción de semillas forrajeras en Méxicob: importancia económica y pespectivas aChapingo, Méx :bEl autor,c1993 a81 h. aTesis (Ing. Agr. Esp. en Economía Agrícola) -- UACH. Departamento de Economía Agrícola14aSemillas forrajeras.